Statistiques concernant Focus sur: Cédric Diggory - Harry Potter

Cliquez ici pour prendre le quiz!

Statistiques générales

  • Ce quiz a été pris 758 fois
  • Le résultat moyen est 8 sur 10

Statistiques - réponses

Informations recherchéesRéponses% Correct
Ecole fréquentéePoudlard
99%
Maison fréquentéePoufsouffle
98%
Statut du sangSang-Pur
97%
Couleur des cheveuxBrun
96%
Poste occupé au QuidditchAttrapeur
95%
PèreAmos Diggory
88%
Première apparitionHarry Potter et le prisonnier d'Azkaban
79%
Acteur l'interprétant dans les filmsRobert Pattinson
78%
Intérieur de la baguetteCrin de licorne
66%
Bois de la baguetteFrêne
22%

Distribution des résultats

Percentile par nombre de réponses

% des personnes avec chaque résultat

Votre développement - résultats

Vous n’avez pas pris ce quiz